| 000 | 00562nam a22002057a 4500 | ||
|---|---|---|---|
| 003 | OSt | ||
| 005 | 20140310183050.0 | ||
| 008 | 130227t xxu||||| |||| 00| 0 eng d | ||
| 020 | _a9712712184 | ||
| 050 |
_aHV 6278 _b.M385 2002 |
||
| 082 |
_aFIL 634.1524 _b.M385 2002 |
||
| 245 |
_aAssassinations & conspiracies _bfrom Rajah Humabon to Imelda Marcos _cMartinez, Manuel F. |
||
| 260 |
_aManila _bAnvil _c2002 |
||
| 300 |
_aix, 201 p. _c22 cm. |
||
| 521 | _aCollege | ||
| 526 | _c1210L-1700L | ||
| 541 | _j1 | ||
| 562 | _e1 | ||
| 942 |
_2lcc _cBK _kFIL |
||
| 999 |
_c18648 _d18648 |
||